<?xml version="1.0" encoding="UTF-8"?>
<record
    xmlns:xsi="http://www.w3.org/2001/XMLSchema-instance"
    xsi:schemaLocation="http://www.loc.gov/MARC21/slim http://www.loc.gov/standards/marcxml/schema/MARC21slim.xsd"
    xmlns="http://www.loc.gov/MARC21/slim">

  <leader>02887cam a2200337 a 4500</leader>
  <controlfield tag="003">EG-GiCUC</controlfield>
  <controlfield tag="005">20250223032151.0</controlfield>
  <controlfield tag="008">190120s2018    ua do  f m    000 0 eng d</controlfield>
  <datafield tag="040" ind1=" " ind2=" ">
    <subfield code="a">EG-GiCUC</subfield>
    <subfield code="b">eng</subfield>
    <subfield code="c">EG-GiCUC</subfield>
  </datafield>
  <datafield tag="041" ind1="0" ind2=" ">
    <subfield code="a">eng</subfield>
  </datafield>
  <datafield tag="049" ind1=" " ind2=" ">
    <subfield code="a">Deposite </subfield>
  </datafield>
  <datafield tag="097" ind1=" " ind2=" ">
    <subfield code="a">Ph.D</subfield>
  </datafield>
  <datafield tag="099" ind1=" " ind2=" ">
    <subfield code="a">Cai01.24.03.Ph.D.2018.Am.C</subfield>
  </datafield>
  <datafield tag="100" ind1="0" ind2=" ">
    <subfield code="a">Amira Eid Mohammed</subfield>
  </datafield>
  <datafield tag="245" ind1="1" ind2="0">
    <subfield code="a">Comparison between pulsed dye laser and combined pulsed dye laser and Nd :YAG laser in the treatment of inflammatory Acne Vulgaris / </subfield>
    <subfield code="c">Amira Eid Mohammed ; Supervised Manal Mohamed Salah Eldin , Nevien Ahmed Samy</subfield>
  </datafield>
  <datafield tag="246" ind1="1" ind2="5">
    <subfield code="a">&#x645;&#x642;&#x627;&#x631;&#x646;&#x629; &#x628;&#x64A;&#x646; &#x627;&#x644;&#x644;&#x64A;&#x632;&#x631; &#x627;&#x644;&#x635;&#x628;&#x63A;&#x649; &#x627;&#x644;&#x646;&#x628;&#x636;&#x649; &#x648; &#x627;&#x644;&#x646;&#x648;&#x62F;&#x645;&#x64A;&#x648;&#x645; &#x64A;&#x627;&#x62C; &#x645;&#x639; &#x627;&#x644;&#x644;&#x64A;&#x632;&#x631; &#x627;&#x644;&#x635;&#x628;&#x63A;&#x649; &#x627;&#x644;&#x646;&#x628;&#x636;&#x649; &#x641;&#x649; &#x639;&#x644;&#x627;&#x62C; &#x62D;&#x628; &#x627;&#x644;&#x634;&#x628;&#x627;&#x628; &#x627;&#x644;&#x645;&#x644;&#x62A;&#x647;&#x628;</subfield>
  </datafield>
  <datafield tag="260" ind1=" " ind2=" ">
    <subfield code="a">Cairo : </subfield>
    <subfield code="b">Amira Eid Mohammed , </subfield>
    <subfield code="c">2018</subfield>
  </datafield>
  <datafield tag="300" ind1=" " ind2=" ">
    <subfield code="a">85 P. : </subfield>
    <subfield code="b">charts , photographs ; </subfield>
    <subfield code="c">25cm </subfield>
  </datafield>
  <datafield tag="502" ind1=" " ind2=" ">
    <subfield code="a">Thesis (Ph.D.) - Cairo University - National Institute of Laser Enhanced Science - Department of Laser Applications in Medical and Biological</subfield>
  </datafield>
  <datafield tag="520" ind1=" " ind2=" ">
    <subfield code="a">Background : Both pulsed dye laser (PDL) and combined 585/1,064- nm (sequential dual-wave-length PDL and Nd:YAG) laser improves inflammatory skin disorders including acne vulgaris. Objective: To compare the efficacy of 585 nm pulsed dye laser versus its sequential combination with pulsed Nd:YAG laser 1064 nm (sequential dual-wave-length PDL and Nd:YAG) in the treatment of acne vulgaris. Patients and method: Thirty patients complaining of moderate or severe acne were treated with a single pass of PDL alone on half of the face and a single pass of combined 585/1064-nm laser on the other half for four treatment sessions at 2 weeks interval. Patients were followed up monthly for 3 months after the final treatment. They were assessed by the count and severity of the acne lesions &amp; digital camera photographs. Results: The study showed that inflammatory acne lesions count was significantly reduced by 82.5% (p0.0001) on PDL-treated sides and by 83.5% (p0.00001) on combined 585/1,064-nm side 8 weeks after treatment start &amp; 88.6% and 88.4%, respectively 12 weeks after treatment start, while reduction of non-inflammatory acne lesions was observed at 8 weeks by 58.4%, 71.5% respectively &amp; after 12 weeks by 65.2%, 77.4% respectively. Although a difference was observed between the two treatment modalities on reduction of acne lesions, but it was not statistically significant. Grade of acne severity also showed significant reduction by both modalities</subfield>
  </datafield>
  <datafield tag="530" ind1=" " ind2=" ">
    <subfield code="a">Issued also as CD</subfield>
  </datafield>
  <datafield tag="653" ind1=" " ind2="4">
    <subfield code="a">Acne vulgaris</subfield>
  </datafield>
  <datafield tag="653" ind1=" " ind2="4">
    <subfield code="a">Combined PDL / Nd:YAG nm laser</subfield>
  </datafield>
  <datafield tag="653" ind1=" " ind2="4">
    <subfield code="a">PDL / Nd</subfield>
  </datafield>
  <datafield tag="700" ind1="0" ind2=" ">
    <subfield code="a">Manal Mohamed Salah Eldin , </subfield>
    <subfield code="e">Supervisor</subfield>
  </datafield>
  <datafield tag="700" ind1="0" ind2=" ">
    <subfield code="a">Nevien Ahmed Samy , </subfield>
    <subfield code="e">Supervisor</subfield>
  </datafield>
  <datafield tag="856" ind1=" " ind2=" ">
    <subfield code="u">http://172.23.153.220/th.pdf</subfield>
  </datafield>
  <datafield tag="905" ind1=" " ind2=" ">
    <subfield code="a">Enas</subfield>
    <subfield code="e">Cataloger</subfield>
  </datafield>
  <datafield tag="905" ind1=" " ind2=" ">
    <subfield code="a">Nazla</subfield>
    <subfield code="e">Revisor</subfield>
  </datafield>
  <datafield tag="942" ind1=" " ind2=" ">
    <subfield code="2">ddc</subfield>
    <subfield code="c">TH</subfield>
  </datafield>
  <datafield tag="999" ind1=" " ind2=" ">
    <subfield code="c">69660</subfield>
    <subfield code="d">69660</subfield>
  </datafield>
  <datafield tag="952" ind1=" " ind2=" ">
    <subfield code="2">ddc</subfield>
    <subfield code="7">0</subfield>
    <subfield code="a">CUCL</subfield>
    <subfield code="b">cl210</subfield>
    <subfield code="d">2024-02-11</subfield>
    <subfield code="o">Cai01.24.03.Ph.D.2018.Am.C</subfield>
    <subfield code="p">01010110076900000</subfield>
    <subfield code="r">2023-09-22 00:00:00</subfield>
    <subfield code="y">TH</subfield>
  </datafield>
  <datafield tag="952" ind1=" " ind2=" ">
    <subfield code="2">ddc</subfield>
    <subfield code="7">0</subfield>
    <subfield code="a">CUCL</subfield>
    <subfield code="b">cl2u8</subfield>
    <subfield code="d">2024-02-11</subfield>
    <subfield code="o">Cai01.24.03.Ph.D.2018.Am.C</subfield>
    <subfield code="p">01020110076900000</subfield>
    <subfield code="r">2023-09-22 00:00:00</subfield>
    <subfield code="t">76900.CD  </subfield>
    <subfield code="y">CD</subfield>
  </datafield>
</record>
